[Event "Canadian Closed zt"]
[Site "Toronto CAN"]
[Date "2006.08.26"]
[Round "9"]
[White "Southam,D"]
[Black "Patterson,Ro"]
[Result "1/2-1/2"]
[WhiteElo "2099"]
[BlackElo "2160"]

1.d4 Nf6 2.c4 e6 3.g3 d5 4.Bg2 Be7 5.Nf3 O-O 6.O-O b6 7.Nc3 Bb7 8.Ne5 Na6
9.cxd5 exd5 10.Qa4 Qe8 11.Qb3 Rd8 12.Bg5 Ne4 13.Bxe7 Qxe7  1/2-1/2

[Event "TCh-Serbia"]
[Site "Zlatibor SCG"]
[Date "2006.08.27"]
[Round "2"]
[White "Antic,De"]
[Black "Benkovic,P"]
[Result "1/2-1/2"]
[WhiteElo "2447"]
[BlackElo "2431"]

1.d4 Nf6 2.c4 e6 3.Nf3 d5 4.g3 Be7 5.Bg2 O-O 6.O-O Nbd7 7.Qc2 c6 8.Rd1 b6
9.Bf4 Bb7 10.Nc3 dxc4 11.Nd2 Nd5 12.Nxc4 Nxf4 13.gxf4 Nf6 14.a3 Qc7 15.Ne5 c5
16.d5 exd5 17.Nxd5 Bxd5 18.Bxd5 Rad8 19.Bc4 Bd6 20.Qf5 Rde8 21.Rxd6 Qxd6
22.Kh1 Re7 23.Rg1 Kh8 24.Qg5 Ne8 25.Qh5 Qf6 26.e3 g6 27.Qh6 Qg7 28.Rxg6 Qxh6
29.Rxh6 Kg7 30.Rc6 Nf6 31.Kg2 Rd8 32.b4 cxb4 33.axb4 Nd7 34.Nxf7 Rxf7 35.Bxf7 Kxf7
36.Rc7 Ke6 37.Rxa7 Rc8 38.f5+ Kd6 39.f4 Rc4 40.Kf3 Rxb4 41.e4 Rb3+ 42.Kg2 Rb2+
43.Kg3 Rb3+ 44.Kg2  1/2-1/2

[Event "Universities"]
[Site "Istanbul TUR"]
[Date "2006.09.02"]
[Round "4"]
[White "Khotenashvili,B"]
[Black "Esen,B"]
[Result "1/2-1/2"]
[WhiteElo "2329"]
[BlackElo "2459"]

1.d4 d5 2.Nf3 Nf6 3.g3 e6 4.Bg2 Be7 5.c4 O-O 6.Nc3 dxc4 7.Ne5 c5 8.dxc5 Qxd1+
9.Nxd1 Bxc5 10.Nxc4 Nc6 11.O-O Rd8 12.Nc3 Bd7 13.Bf4 Be8 14.Rfd1 Rac8 15.Bd6 Bxd6
16.Nxd6 Rc7 17.Nxe8 Rxe8 18.Nb5 Rce7 19.Rac1 Nd5 20.Nd6 Rb8 21.e3 Rc7 22.Bxd5 exd5
23.Rxd5 Rd7 24.a3 Kf8 25.Rcd1 Rbd8 26.Kf1 g6 27.e4 Ne7 28.R5d2 a6 29.Ke2 Rc7
30.f4 f6 31.g4 Nc8 32.Ke3 Nb6 33.b3 Rdd7 34.a4 Rc3+ 35.Kf2 Rxb3 36.a5 Na4
37.e5 fxe5 38.fxe5 Nc5 39.Rd5 Rc3 40.Kg2 Rc2+ 41.Kg3 Rc3+  1/2-1/2

[Event "ch-EU"]
[Site "Liverpool ENG"]
[Date "2006.09.09"]
[Round "4"]
[White "Bischoff,K"]
[Black "Grant,J"]
[Result "1-0"]
[WhiteElo "2533"]
[BlackElo "2251"]

1.d4 Nf6 2.c4 e6 3.g3 d5 4.Bg2 Be7 5.Nf3 O-O 6.O-O dxc4 7.Qc2 a6 8.Qxc4 b5
9.Qc2 Bb7 10.Bd2 Be4 11.Qc1 Nbd7 12.Ba5 Bd6 13.Nbd2 Bb7 14.Qc2 Rc8 15.e4 e5
16.dxe5 Nxe5 17.Nxe5 Bxe5 18.Nb3 Bd6 19.Rfe1 Ng4 20.f4 Qe7 21.h3 Ne5 22.fxe5 Bxe5
23.Kh2 Qg5 24.Qf2 f5 25.Bd2 Qg6 26.Bf4 fxe4 27.Qe3 Bxb2 28.Rad1 Rfe8 29.Nc5 Ba8
30.Qb3+  1-0

[Event "EU-chG16"]
[Site "Herceg Novi MNE"]
[Date "2006.09.10"]
[Round "1"]
[White "Rumiantseva,M"]
[Black "Trivunovic,J"]
[Result "1-0"]
[WhiteElo "2053"]
[BlackElo "1829"]

1.d4 d5 2.c4 e6 3.Nf3 Be7 4.g3 Nf6 5.Bg2 Nbd7 6.Qc2 c6 7.O-O O-O 8.Nbd2 Re8
9.b3 Nf8 10.Bb2 Ng6 11.e4 dxe4 12.Nxe4 Nxe4 13.Qxe4 Bf6 14.Ne5 Bd7 15.Rad1 Qc7
16.f4 Rad8 17.Kh1 Bc8 18.b4 Be7 19.Bc3 Nf8 20.Qf3 f6 21.Nd3 Rd6 22.Rfe1 b6
23.c5 Rd5 24.Qe3 Rd7 25.Bh3 Bd8 26.Qf3 Rde7 27.Bg2 Bb7 28.b5 cxb5 29.c6 Ba8
30.Bb4 Rf7 31.d5 Qb8 32.Bxf8 Rfxf8 33.dxe6 Bc7 34.Nb4 Bd6 35.Na6 Qc8 36.Rxd6 Qxa6
37.e7 Rf7 38.Rd8  1-0

[Event "3rd LGA Premium Cup"]
[Site "Nuernberg GER"]
[Date "2006.09.10"]
[Round "7"]
[White "Sriram,J"]
[Black "Renner,G"]
[Result "1-0"]
[WhiteElo "2408"]
[BlackElo "2079"]

1.d4 d5 2.Nf3 e6 3.c4 Be7 4.g3 Nf6 5.Bg2 O-O 6.O-O Nbd7 7.Qc2 c6 8.b3 b6
9.Rd1 Bb7 10.Nc3 Rc8 11.e4 dxe4 12.Nxe4 Nxe4 13.Qxe4 Ba8 14.Qc2 Bf6 15.Bb2 Qc7
16.Rd2 Rfd8 17.Rad1 g6 18.Ba1 Bg7 19.c5 Nf6 20.b4 Nd5 21.Qa4 Bb7 22.Ne5 Ra8
23.a3 a5 24.cxb6 Nxb6 25.Qc2 Nd5 26.b5 Rac8 27.Rc1 Bh6 28.f4 Ne3 29.Qb2 Nxg2
30.Rxg2 Qb6 31.bxc6 Qa7 32.cxb7 Rxc1+ 33.Qxc1 Qxb7 34.h3 Bf8 35.Ng4 Qb3 36.d5 Bxa3
37.Qc7 Qd1+ 38.Kh2 Qxa1 39.Qxd8+ Kg7 40.dxe6 h5 41.exf7 hxg4 42.Qg8+  1-0

[Event "I Open"]
[Site "Vitoria BRA"]
[Date "2006.09.10"]
[Round "7"]
[White "Silveira,Ne"]
[Black "De Freitas,Ju"]
[Result "1-0"]
[WhiteElo "2274"]
[BlackElo "2030"]

1.g3 Nf6 2.Bg2 d5 3.Nf3 e6 4.d4 Be7 5.c4 O-O 6.O-O b6 7.cxd5 exd5 8.Nc3 Bb7
9.Ne5 Ne4 10.Qc2 Nxc3 11.Qxc3 a5 12.Be3 f6 13.Nd3 Na6 14.Nf4 Qd6 15.Rac1 Rac8
16.Qb3 Rfd8 17.Bh3 g5 18.Ne6 Re8 19.f4 Bf8 20.Nxf8 Rxf8 21.Bxc8 Bxc8 22.fxg5 Bh3
23.Rxf6 Rxf6 24.gxf6 Qe6 25.Bh6 Qxe2 26.Qxd5+ Be6 27.Qd8+ Kf7 28.Qe7+ Kg6
29.Qg7+  1-0

[Event "EU-chB16"]
[Site "Herceg Novi MNE"]
[Date "2006.09.11"]
[Round "2"]
[White "Balog,I1"]
[Black "Kravtsiv,M"]
[Result "0-1"]
[WhiteElo "2265"]
[BlackElo "2450"]

1.d4 Nf6 2.c4 e6 3.g3 d5 4.Bg2 Be7 5.Nf3 O-O 6.O-O dxc4 7.Qc2 a6 8.Qxc4 b5
9.Qc2 Bb7 10.Bg5 Nbd7 11.Bxf6 Nxf6 12.Nbd2 Rc8 13.Nb3 Be4 14.Qc1 Nd7 15.Qe3 Bd5
16.Rac1 Nb6 17.Ne5 Bf6 18.Nc6 Qd6 19.Bxd5 exd5 20.Qc3 Nc4 21.Nba5 Rfe8 22.e3 Qd7
23.Kg2 Re6 24.Qc2 Rce8 25.b3 Nxa5 26.Nxa5 Bd8 27.Qf5 c5 28.Rxc5 Bxa5 29.Rxd5 Qc6
30.Kg1 g6 31.Qf3 Rd6 32.e4 Rxd5 33.exd5 Qd6  0-1

[Event "EU-chG16"]
[Site "Herceg Novi MNE"]
[Date "2006.09.14"]
[Round "5"]
[White "Ozturk,K"]
[Black "Vasile,T"]
[Result "1-0"]
[WhiteElo "2110"]
[BlackElo "1843"]

1.d4 d5 2.Nf3 e6 3.c4 Nf6 4.g3 Be7 5.Bg2 Nbd7 6.Qc2 b6 7.Nc3 Bb7 8.cxd5 exd5
9.O-O O-O 10.Rd1 c5 11.Bf4 c4 12.Ne5 a6 13.Nxc4 b5 14.Ne5 Nb6 15.Rac1 Bd6
16.Nd3 Bxf4 17.Nxf4 Rc8 18.Qb3 Qd6 19.Nd3 Nc4 20.a4 Bc6 21.axb5 axb5 22.Ra1 Ra8
23.Nc5 b4 24.N3a4 Bxa4 25.Rxa4 Rxa4 26.Nxa4 Ra8 27.Nc5 Rb8 28.Ra1 h6 29.Ra4 Nd2
30.Qc2 Nc4 31.e4 Qd8 32.exd5 Nxd5 33.Qxc4 Nb6 34.Qxb4 Nxa4 35.Qxa4 Rxb2 36.h3 Rd2
37.d5 Qe7 38.Ne4 Re2 39.d6 Qd8 40.Qc4 Rb2 41.Bf3 Rb8 42.Bg4  1-0

[Event "ProMoPro Open"]
[Site "Prague CZE"]
[Date "2006.09.14"]
[Round "6"]
[White "Kubikova,H"]
[Black "Stepanek,S"]
[Result "1-0"]
[WhiteElo "2162"]
[BlackElo "2005"]

1.d4 d5 2.c4 e6 3.Nf3 Nf6 4.g3 Be7 5.Bg2 Nbd7 6.O-O O-O 7.Qc2 Ne4 8.Nc3 Ndf6
9.Ne5 Nxc3 10.Qxc3 c6 11.a3 Nd7 12.Nf3 b6 13.Bf4 Ba6 14.b3 Rc8 15.Rfd1 c5
16.cxd5 cxd4 17.Qd2 exd5 18.Nxd4 Nf6 19.Nf5 Qd7 20.e4 d4 21.Qxd4 Qxd4 22.Nxe7+  1-0

[Event "7th Masters"]
[Site "Lausanne SUI"]
[Date "2006.09.15"]
[Round "2.1"]
[White "Wojtaszek,R"]
[Black "Kosintseva,T"]
[Result "1/2-1/2"]
[WhiteElo "2622"]
[BlackElo "2479"]

1.d4 Nf6 2.Nf3 d5 3.c4 e6 4.g3 Be7 5.Bg2 O-O 6.O-O dxc4 7.Nc3 Nc6 8.e3 Bd6
9.Qa4 e5 10.d5 Nb4 11.Nxe5 Nbxd5 12.Nxc4 Nxc3 13.bxc3 Bc5 14.Ba3 Qe7 15.Bxc5 Qxc5
16.Qb4 Qh5 17.Qa5 Bf5 18.e4 Be6 19.Qxh5 Nxh5 20.Na5 b6 21.Nc6 Bd7 22.e5 Bxc6
23.Bxc6 Rad8 24.Bf3 g6 25.Bxh5 gxh5 26.Rad1 f6 27.e6 Rfe8 28.Rxd8 Rxd8 29.Re1 Re8
30.Kg2 Kf8 31.f4 f5 32.Re5 Kg7 33.Rxf5 Rxe6 34.Rxh5 Rc6 35.Rd5 Rxc3 36.Kh3 Rc2
37.a4 a5 38.g4 Rc4 39.Kg3 h6 40.h4 Rc3+ 41.Kf2 c6 42.Rd7+ Kg8 43.g5 b5 44.axb5 cxb5
45.f5 hxg5 46.hxg5 Rc5 47.Rd8+ Kg7 48.f6+ Kf7 49.Rd7+ Kf8 50.Rd8+ Kf7 51.Rd7+ Kf8
52.Rg7 b4 53.Ke3 b3 54.g6 Rf5 55.Rf7+ Kg8 56.Rg7+ Kf8 57.Rf7+  1/2-1/2

[Event "7th Masters"]
[Site "Lausanne SUI"]
[Date "2006.09.17"]
[Round "3.1"]
[White "Wojtaszek,R"]
[Black "Koneru,H"]
[Result "0-1"]
[WhiteElo "2622"]
[BlackElo "2545"]

1.d4 d5 2.Nf3 Nf6 3.c4 e6 4.g3 Be7 5.Bg2 O-O 6.O-O dxc4 7.Nc3 Nbd7 8.e4 c6
9.a4 e5 10.dxe5 Ng4 11.Bf4 Qa5 12.Qd4 Rd8 13.Qxc4 Ndxe5 14.Nxe5 Nxe5 15.Qb3 Ng6
16.Be3 Be6 17.Qc2 Ne5 18.Rad1 Qb4 19.Rxd8+ Rxd8 20.h3 Bb3 21.Qc1 Bc4 22.Rd1 Nd3
23.Qd2 Bb3 24.Ra1 Nf4 25.Qe1 Nxg2 26.Kxg2 Bc2 27.Bc1 a5 28.Qe2 Bd3 29.Qg4 Bf6
30.Bg5 h5 31.Qf4 Bxg5 32.Qxg5 f6 33.Qc1 Bxe4+ 34.Nxe4 Qxe4+ 35.Kh2 h4 36.Ra3 Qe2
37.Qc5 Qxb2  0-1

[Event "XVI WSen"]
[Site "Arvier ITA"]
[Date "2006.09.19"]
[Round "8"]
[White "Johnsen,G"]
[Black "Hicker,H"]
[Result "1/2-1/2"]
[WhiteElo "2215"]
[BlackElo "2136"]

1.d4 d5 2.c4 e6 3.Nf3 Nf6 4.g3 Be7 5.Bg2 O-O 6.O-O b6 7.Nc3 Bb7 8.cxd5 exd5
9.Bf4 Nbd7 10.Rc1 c5 11.Ne5 Nxe5 12.dxe5 Ne4 13.Nxe4 dxe4 14.Qa4 Qe8 15.Qb3 Rd8
16.Rfd1 Qc6 17.h4 Rxd1+ 18.Rxd1 Rd8 19.Rxd8+ Bxd8 20.Qd1 Be7 21.Bh3 a5 22.Bg5 Bxg5
23.hxg5 Qd5 24.Qxd5 Bxd5 25.a3 f6 26.exf6 gxf6 27.gxf6 Kf7 28.Bd7 Kxf6 29.Kf1 Ke5
30.Ke1 Kd4 31.Kd2 c4 32.Be8 h6 33.Bd7 Kc5 34.Ke3 b5 35.f4 exf3 36.exf3 b4
37.axb4+ axb4 38.f4 c3 39.bxc3 bxc3 40.Ba4 Kb4 41.Bc2 Bb3 42.Kd3 Bc4+  1/2-1/2

[Event "Bygger'n Masters"]
[Site "Gausdal NOR"]
[Date "2006.09.24"]
[Round "1"]
[White "Levin,F"]
[Black "Lindsoe,F"]
[Result "1-0"]
[WhiteElo "2500"]
[BlackElo "1960"]

1.Nf3 d5 2.c4 e6 3.g3 Nf6 4.Bg2 Be7 5.d4 O-O 6.Qc2 dxc4 7.Nbd2 a6 8.Nxc4 Nc6
9.e3 b5 10.Nfe5 Nxe5 11.Nxe5 Nd5 12.Nc6 Nb4 13.Nxe7+ Qxe7 14.Qb3 Rb8 15.Bd2 a5
16.a3 Na6 17.Bxa5 b4 18.O-O c5 19.dxc5 Nxc5 20.Qc2 b3 21.Qd2 Na4 22.Qd4 Qd7
23.Rfd1 Qxd4 24.Rxd4 Nxb2 25.Rb1 e5 26.Rb4 Rxb4 27.axb4 Nc4 28.Rxb3 Ba6 29.Bc7 Rc8
30.b5 Nd2 31.bxa6  1-0

[Event "1st TCH-MNE"]
[Site "Herceg Novi MNE"]
[Date "2006.09.24"]
[Round "3"]
[White "Lekic,D"]
[Black "Sibarevic,M"]
[Result "1/2-1/2"]
[WhiteElo "2356"]
[BlackElo "2342"]

1.d4 d5 2.c4 e6 3.Nf3 Nf6 4.g3 Be7 5.Bg2 O-O 6.O-O dxc4 7.Qc2 a6 8.Qxc4 b5
9.Qc2 Bb7 10.Bd2 Be4 11.Qc1 Bb7 12.Qc2 Be4 13.Qc1 Bb7 14.Bf4 Nd5 15.Nc3 Nxf4
16.Qxf4 Nd7 17.Rfd1 Qb8 18.Rac1 c5 19.dxc5 Nxc5 20.Qxb8 Rfxb8 21.b4 Na4 22.Nxa4 bxa4
23.a3 a5 24.bxa5 Rxa5 25.Rb1 Raa8 26.Rd2 Bxf3 27.Rxb8+ Rxb8 28.Bxf3 Bxa3  1/2-1/2

[Event "15th TCh-CRO"]
[Site "Sibenik CRO"]
[Date "2006.09.25"]
[Round "4"]
[White "Nikolac,J"]
[Black "Pavkovic,M"]
[Result "1-0"]
[WhiteElo "2421"]
[BlackElo "2200"]

1.d4 Nf6 2.c4 e6 3.g3 d5 4.Nf3 Be7 5.Bg2 O-O 6.Nbd2 c6 7.O-O b6 8.b3 Bb7
9.Bb2 Nfd7 10.e4 dxe4 11.Nxe4 Nf6 12.Ne5 Qc8 13.Re1 Nbd7 14.Ng5 h6 15.Ngf3 c5
16.d5 exd5 17.Bh3 Qd8 18.cxd5 Nxe5 19.Nxe5 Qxd5 20.Qxd5 Bxd5 21.Rad1 Rad8
22.Nd7 Bf3 23.Rd3 Be4 24.Nxf6+  1-0

[Event "Monarch Assurance Isle of Man"]
[Site "Port Erin IOM"]
[Date "2006.09.26"]
[Round "4"]
[White "Sarakauskas,G"]
[Black "Mohota,N"]
[Result "1-0"]
[WhiteElo "2414"]
[BlackElo "2313"]

1.c4 e6 2.Nf3 d5 3.d4 Nf6 4.g3 Be7 5.Bg2 O-O 6.O-O dxc4 7.Qc2 a6 8.Qxc4 b5
9.Qc2 Bb7 10.Bf4 Nc6 11.Nbd2 Rc8 12.Nb3 Nb4 13.Qd1 Nbd5 14.Bd2 Nb6 15.Rc1 Nc4
16.Na5 Nxa5 17.Bxa5 Qd6 18.a3 c5 19.dxc5 Qxd1 20.Rfxd1 Bxc5 21.Ne5 Bxg2 22.Kxg2 Rfe8
23.Rc2 Bf8 24.Rdc1 Rxc2 25.Rxc2 g6 26.Rc6 Ra8 27.Kf3 h5 28.e4 Bg7 29.Bc3 g5
30.h3 Ne8 31.Ke3 Bf8 32.f4 gxf4+ 33.gxf4 a5 34.Bd4 f6 35.Nd7 Kf7 36.Nxf8 Kxf8
37.Rxe6 b4 38.axb4 axb4 39.Bc5+ Kg8 40.Bxb4 Rb8 41.Bc3 Ra8 42.Re7 Rc8 43.Kf3 Rd8
44.e5 f5 45.e6 h4 46.Be5  1-0

[Event "15th TCh-CRO"]
[Site "Sibenik CRO"]
[Date "2006.09.26"]
[Round "5"]
[White "Markus,R"]
[Black "Delchev,A"]
[Result "0-1"]
[WhiteElo "2586"]
[BlackElo "2637"]

1.d4 Nf6 2.c4 e6 3.Nf3 d5 4.g3 Be7 5.Bg2 O-O 6.O-O dxc4 7.Nc3 Nbd7 8.e4 c6
9.Bf4 Re8 10.a4 a5 11.Re1 Bb4 12.Qe2 b5 13.axb5 Bxc3 14.bxc3 cxb5 15.Bd6 Bb7
16.Qc2 Ra6 17.e5 Qa8 18.Re3 Ng4 19.Ng5 f5 20.Rf3 h6 21.Nxe6 Be4 22.Nc7 Bxc2
23.Nxa8 Rexa8 24.Rf4 g5 25.Bd5+ Kg7  0-1

[Event "15th TCh-CRO"]
[Site "Sibenik CRO"]
[Date "2006.09.26"]
[Round "5"]
[White "Kurajica,B"]
[Black "Sinanovic,M"]
[Result "1-0"]
[WhiteElo "2562"]
[BlackElo "2397"]

1.d4 Nf6 2.Nf3 e6 3.g3 d5 4.Bg2 Be7 5.c4 c6 6.O-O O-O 7.Nbd2 b6 8.b3 Nbd7
9.Bb2 Bb7 10.Rc1 Rc8 11.e3 c5 12.Qe2 Re8 13.cxd5 exd5 14.Rfd1 Bf8 15.Qd3 Rc7
16.Ne5 Bd6 17.Nxd7 Rxd7 18.dxc5 bxc5 19.Qf5 Re6 20.Qb1 Ng4 21.Nf3 Qe7 22.Qf5 Nh6
23.Qh5 Rg6 24.Qh4 Qe8 25.Qa4 Ng4 26.Nh4 Rg5 27.Ba3 h5 28.Bxc5 Bb8 29.f4  1-0

[Event "Greek Teams Cup Final"]
[Site "Athens GRE"]
[Date "2006.10.01"]
[Round "2.1"]
[White "Papaioannou,I"]
[Black "Michos,T"]
[Result "1-0"]
[WhiteElo "2575"]
[BlackElo "2262"]

1.d4 Nf6 2.c4 e6 3.g3 d5 4.Bg2 Be7 5.Nf3 O-O 6.O-O Nbd7 7.Qc2 c6 8.Rd1 b6
9.b3 Ba6 10.Nbd2 Rc8 11.e4 c5 12.exd5 exd5 13.Bb2 cxd4 14.Nxd4 b5 15.Qf5 bxc4
16.bxc4 g6 17.Qg5 Ne4 18.Qxd5 Nxd2 19.Rxd2 Bxc4 20.Qf3 Bg5 21.Rdd1 Qf6 22.h4 Qxf3
23.Nxf3 Bf6 24.Rab1 Bxb2 25.Rxd7 Bf6 26.Rxa7 Bd3 27.Rd1 Bc2 28.Rd6 Kg7 29.Nd4 Bxd4
30.Rxd4 Rfd8 31.Rxd8 Rxd8 32.Bf3 Bd1 33.Bc6 Bg4 34.a4 Be6 35.a5 Rd1+ 36.Kg2 Bd5+
37.Bxd5 Rxd5 38.a6 Ra5 39.g4 h5 40.g5 Ra4 41.Kg3 Rg4+ 42.Kh3 Rf4 43.Rb7 Rxf2
44.a7 Ra2 45.Kg3 Ra4 46.Kf3 Ra1 47.Ke4  1-0

[Event "56th TCh-BUL"]
[Site "Sunny Beach BUL"]
[Date "2006.10.05"]
[Round "1"]
[White "Popchev,M"]
[Black "Georgiev,Ves"]
[Result "1-0"]
[WhiteElo "2405"]
[BlackElo "2327"]

1.d4 d5 2.Nf3 Nf6 3.c4 e6 4.g3 Be7 5.Bg2 O-O 6.Nbd2 c5 7.O-O Nc6 8.dxc5 Bxc5
9.a3 a5 10.Qc2 d4 11.Nb3 Ba7 12.Bf4 Qe7 13.Ne5 Nxe5 14.Bxe5 Nd7 15.Bf4 a4
16.Nc1 e5 17.Bd2 Nc5 18.Bb4 Re8 19.Nd3 Bf5 20.Rad1 Qc7 21.Bxc5 Bxc5 22.Qd2 Ba7
23.Qb4 e4 24.Nf4 Bc5 25.Qd2 h6 26.e3 d3 27.h3 Qe5 28.Rc1 Bd6 29.Nd5 b5 30.Nb4 Bxb4
31.axb4 bxc4 32.Rxc4 Rec8 33.Rfc1 Rxc4 34.Rxc4 a3 35.bxa3 Rxa3 36.Rd4 Qe6
37.Qc1 Ra2 38.Qc7 Qf6 39.Qd8+ Qxd8 40.Rxd8+ Kh7 41.g4 Bg6 42.h4 h5 43.Rd5 Kh6
44.g5+ Kh7 45.Bh3 Rb2 46.Rd4 f5 47.gxf6 gxf6 48.Kg2 Kg7 49.Kg3 Kf7 50.Bd7 Ke7
51.Bc6 f5 52.f3 Re2 53.Kf4 Rf2 54.Ke5 Be8 55.Bxe8 Kxe8  1-0

[Event "11th ECU Club Cup w"]
[Site "Feugen AUT"]
[Date "2006.10.09"]
[Round "2"]
[White "Jiretorn,E"]
[Black "Kosintseva,N"]
[Result "0-1"]
[WhiteElo "2109"]
[BlackElo "2493"]

1.d4 Nf6 2.c4 e6 3.Nf3 d5 4.g3 Be7 5.Bg2 O-O 6.O-O dxc4 7.Ne5 Nc6 8.Nxc6 bxc6
9.Bxc6 Rb8 10.Bg2 Bb7 11.Bxb7 Rxb7 12.e3 c5 13.dxc5 Qc8 14.Qc2 Qxc5 15.Nd2 Rc8
16.b3 c3 17.Nc4 Qh5 18.f3 Nd5 19.g4 Qh3 20.Qg2 Qxg2+ 21.Kxg2 Nb6 22.Nxb6 Rxb6
23.Rf2 Bf6 24.Rc2 Rd6 25.Ba3 Ra6 26.Bb4 Rb8 27.Bc5 Rxb3 28.axb3 Rxa1 29.Bd4 Bxd4
30.exd4 g5 31.Rxc3 Ra3 32.Rc8+ Kg7 33.Rc7 Rxb3 34.Rxa7 Rd3 35.Rd7 Kg6 36.h3 Rd2+
37.Kg3 f5 38.gxf5+ exf5 39.h4 f4+ 40.Kh3 h6 41.Rd6+ Kh5 42.hxg5 hxg5 43.Rd8 Rf2
44.Rh8+ Kg6 45.Rg8+ Kf6 46.d5 Rxf3+ 47.Kg4 Rg3+ 48.Kh5 Kf5 49.Rf8+ Ke5 50.Rd8 f3
51.d6 Ke6  0-1

[Event "22nd ECU Club Cup"]
[Site "Feugen AUT"]
[Date "2006.10.10"]
[Round "3"]
[White "Golubovic,B"]
[Black "Hammer,J"]
[Result "1/2-1/2"]
[WhiteElo "2442"]
[BlackElo "2380"]

1.c4 Nf6 2.d4 e6 3.g3 d5 4.Nf3 Be7 5.Bg2 O-O 6.O-O dxc4 7.Qc2 a6 8.a4 Bd7
9.Qxc4 Bc6 10.Bg5 Bd5 11.Qc2 Be4 12.Qc1 h6 13.Bxf6 Bxf6 14.Nbd2 Bc6 15.e3 a5
16.Nc4 Be4 17.Ne1 Bxg2 18.Nxg2 Nc6 19.Rd1 Qe7 20.Nf4 Nb4 21.Nd3 Rfd8 22.Nc5 b6
23.Ne4 h5 24.Qd2 g6 25.Nxf6+ Qxf6 26.Qe2 Rd5 27.Nd2 e5 28.Ne4 Qe6 29.Qf3 Kg7
30.Ng5 Qf6 31.dxe5 Qxg5 32.Rxd5 Nxd5 33.Qxd5 Rd8 34.Qe4 Re8 35.f4 Qg4 36.Rf1 Rd8
37.Qg2 Rd1 38.b3 h4 39.gxh4 Rxf1+ 40.Kxf1 Qd1+ 41.Kf2 Qxb3 42.Qc6 Qd1 43.Qf6+ Kg8
44.e6 Qd2+ 45.Kf1 Qd1+ 46.Kf2 Qd2+ 47.Kf1 Qd1+ 48.Kf2 Qd2+  1/2-1/2

[Event "22nd ECU Club Cup"]
[Site "Feugen AUT"]
[Date "2006.10.10"]
[Round "3"]
[White "Nogly,C"]
[Black "Stokstad,P"]
[Result "1-0"]
[WhiteElo "2266"]
[BlackElo "2227"]

1.d4 d5 2.Nf3 Nf6 3.c4 e6 4.g3 Be7 5.Bg2 O-O 6.O-O Nbd7 7.Qb3 c6 8.Nc3 a5
9.a4 b6 10.Bf4 Ba6 11.cxd5 exd5 12.Rfd1 Nh5 13.Bd2 f5 14.Ne5 Nxe5 15.dxe5 Bc4
16.Qc2 g5 17.b3 Ba6 18.Bc1 Qe8 19.Nxd5 cxd5 20.Bxd5+ Kh8 21.Bxa8 Qxa8 22.Rd7 Bc5
23.Bb2 Qe4 24.e6+ Kg8 25.Qc3 Nf6 26.Rf7 Rxf7 27.exf7+ Kf8 28.Ba3 Bxa3 29.Rxa3 Qxe2
30.Ra1 Qxf2+ 31.Kxf2 Ne4+ 32.Ke3 Nxc3 33.Kd4 Ne2+ 34.Ke5 Kxf7 35.Kxf5 Nd4+
36.Kxg5 Nxb3 37.Rb1 Bc4 38.Kh6 Ke6 39.Rb2 Kd6 40.Kxh7 Kc5 41.g4 Nd4 42.g5 b5
43.axb5 Bxb5 44.g6 a4 45.Rxb5+  1-0

[Event "XI WCh-Blind"]
[Site "Goa IND"]
[Date "2006.10.12"]
[Round "4"]
[White "Lindenmair,A"]
[Black "Zoltek,T"]
[Result "1/2-1/2"]
[WhiteElo "2103"]
[BlackElo "2239"]

1.d4 Nf6 2.c4 e6 3.g3 d5 4.Bg2 Be7 5.Nf3 O-O 6.O-O Nbd7 7.Nbd2 c6 8.Qc2 b6
9.b3 Bb7 10.Bb2 Rc8 11.e4 c5 12.exd5 exd5 13.dxc5 dxc4 14.Nxc4 Rxc5 15.Qd1 Qa8
16.Ne3 Nd5 17.Nxd5 Rxd5 18.Nd4 Rd6 19.Bxb7 Qxb7 20.Qe2 Nf6 21.Rad1 Ne4 22.f4  1/2-1/2

[Event "22nd ECU Club Cup"]
[Site "Feugen AUT"]
[Date "2006.10.13"]
[Round "6"]
[White "Ekeberg,C"]
[Black "Idrizaj,A"]
[Result "1-0"]
[WhiteElo "2334"]
[BlackElo "2249"]

1.Nf3 d5 2.d4 Nf6 3.c4 e6 4.g3 Be7 5.Bg2 O-O 6.O-O dxc4 7.Qc2 c6 8.Qxc4 Nbd7
9.Rd1 a5 10.Nc3 Nd5 11.e4 N7b6 12.Qd3 Nxc3 13.Qxc3 Bd7 14.Be3 Be8 15.Rac1 Nd7
16.h4 Nf6 17.Qc2 a4 18.Bg5 h6 19.Bxf6 Bxf6 20.e5 Be7 21.a3 Qb6 22.Rd2 Ra5
23.Ne1 Kh8 24.Qc4 Ra8 25.Rcd1 Qa7 26.Nd3 Bd7 27.Nc5 Rfd8 28.Kh2 Rac8 29.f4 b5
30.Qc3 Be8 31.Be4 Rc7 32.h5 Kg8 33.Bb1 Kf8 34.Qc2 Bxc5 35.dxc5 Rd5 36.Ba2 Qxc5
37.Bxd5 cxd5 38.Qxc5+ Rxc5 39.Rd3 Ke7 40.Kg2 Kd7 41.Rc3 Rc4 42.Kf2 Kc6 43.Ke3 Kc5
44.g4 Rxc3+ 45.bxc3 Kc4 46.Rc1 Kb3 47.Kd4 Kxa3 48.Rb1 Ka2 49.Rb4 a3 50.g5 Bd7
51.Kc5 Be8 52.Kd6 d4 53.cxd4 Ka1 54.Kc7 Ka2 55.Kd6 Ka1 56.Ke7 Bc6 57.Kxf7 hxg5
58.fxg5 Bf3 59.Kxg7 Bxh5 60.Rxb5 a2 61.Kf6 Bd1 62.g6 Bc2 63.g7 Bh7 64.Rb8  1-0

[Event "Vasylyshyn Mem"]
[Site "Lviv UKR"]
[Date "2006.10.15"]
[Round "13"]
[White "Nester,I"]
[Black "Aveskulov,V"]
[Result "0-1"]
[WhiteElo "2420"]
[BlackElo "2495"]

1.Nf3 Nf6 2.c4 e6 3.g3 d5 4.d4 Be7 5.Bg2 O-O 6.O-O dxc4 7.Qc2 a6 8.Qxc4 b5
9.Qc2 Bb7 10.Bd2 Ra7 11.Rd1 Nbd7 12.b4 Qa8 13.a4 bxa4 14.Rxa4 Nb6 15.Ra5 Be4
16.Qc1 Nbd5 17.Nc3 Nxc3 18.Qxc3 Rb8 19.Qb3 Nd5 20.Ra4 Nxb4 21.Bxb4 a5 22.d5 Bxd5
23.Rxd5 exd5 24.Ne5 c6 25.Qc2 axb4 26.Rxa7 Qxa7 27.Nxc6 b3 28.Qd1 Qc5 29.Nxe7+ Qxe7
30.Bxd5 Qd7 31.e4 b2 32.Qb1 Qa4  0-1

[Event "WJun"]
[Site "Yerevan ARM"]
[Date "2006.10.16"]
[Round "13"]
[White "Meier,Geo"]
[Black "Brunello,S"]
[Result "1/2-1/2"]
[WhiteElo "2484"]
[BlackElo "2460"]

1.c4 Nf6 2.g3 e6 3.Bg2 d5 4.d4 Be7 5.Nf3 O-O 6.O-O dxc4 7.Qc2 a6 8.Qxc4 b5
9.Qc2 Bb7 10.Bg5 Nbd7 11.Bxf6 Nxf6 12.Nbd2 Rc8 13.Nb3 c5 14.dxc5 Be4 15.Qc3 Bd5
16.Rac1 Bxb3 17.Qxb3 Rxc5 18.Rxc5 Bxc5 19.Ne5 Qd6 20.Nd3 Rc8 21.Rd1 Ba7 22.a4 bxa4
23.Qxa4 h5 24.Ra1 Ng4 25.Bf3 Ne5 26.Nxe5 Qxe5 27.Qxa6 Rc7 28.Rd1 Qxb2 29.Bxh5 g6
30.Bf3 Rc1 31.Rxc1 Qxc1+ 32.Kg2 Qc7 33.e3 Bc5 34.h4 Bf8 35.Qa8 Qc5 36.Be4 Qe5
37.Bc2 Qc7 38.Qe4 Bg7 39.Bb3 Qb6 40.Bc4 Qd6 41.g4 Qe5 42.Qa8+ Bf8 43.g5 Qf5
44.Be2 Qc2 45.Bg4 Qc4 46.Qf3 Qc5 47.Qe4 Qd6 48.Kh3 Qa6 49.Kg2 Qd6 50.Be2 Bg7
51.Bc4 Qe5 52.Qg4 Kf8 53.Bd3 Kg8 54.Be4 Bf8 55.Kf3 Qd6 56.Ke2 Qb4 57.Kf3 Qd6
58.Kg2 Qe5 59.Bf3 Bd6  1/2-1/2

[Event "XI WCh-Blind"]
[Site "Goa IND"]
[Date "2006.10.17"]
[Round "8"]
[White "Smirnov,Sergei"]
[Black "Guzynin,V"]
[Result "1-0"]
[WhiteElo "2288"]
[BlackElo "2302"]

1.Nf3 d5 2.c4 e6 3.g3 Nf6 4.Bg2 Be7 5.d4 O-O 6.O-O dxc4 7.Qc2 a6 8.a4 Nbd7
9.Qxc4 c5 10.dxc5 Nxc5 11.Bg5 b5 12.Qc2 Bb7 13.Bxf6 gxf6 14.Rd1 Qc8 15.axb5 axb5
16.Rxa8 Bxa8 17.Nbd2 f5 18.Rc1 Qa6 19.Ne5 Bxg2 20.Kxg2 Bd6 21.Ndf3 Ne4 22.Nd3 Rb8
23.Nd4 Bf8 24.f3 Nf6 25.Qd2 Qd6 26.Nc6 Rb6 27.Qg5+ Bg7 28.Ne7+ Kf8 29.Nc8 Qb8
30.Nxb6 Qxb6 31.Rc8+  1-0

[Event "70th Jubilee"]
[Site "Obro DEN"]
[Date "2006.10.20"]
[Round "7"]
[White "Pedersen,TV"]
[Black "Hellegaard,D"]
[Result "1/2-1/2"]
[WhiteElo "2131"]
[BlackElo "2011"]

1.d4 Nf6 2.Nf3 e6 3.g3 d5 4.c4 Be7 5.Bg2 O-O 6.O-O dxc4 7.Na3 Bxa3 8.bxa3 c6
9.Ne5 b5 10.a4 Nd5 11.axb5 cxb5 12.e4 Ne7 13.Ba3 f6 14.Ng4 Re8 15.d5 e5 16.Ne3 Na6
17.d6 Ng6 18.Qd5+ Be6 19.Qxb5 Qb6 20.Qa4 Nc5 21.Qc2 Qxd6 22.Nxc4 Qa6 23.Bxc5 Qxc4
24.Qxc4 Bxc4 25.Rfc1 Be6 26.Bf1 Rec8 27.Ba6 Rc7 28.a4 Kf7 29.Be3 Rd7 30.Bb5 Re7
31.Bc5 Rc7 32.Bd6 Rxc1+ 33.Rxc1 Rc8 34.Rxc8 Bxc8 35.Bc5 a6 36.Bc4+ Ke8 37.f3 Ne7
38.Kf2 g6 39.Ke3 Nc6 40.Kd3 Na5 41.Bd5 Bd7 42.Bb6 Nc6 43.Bb3 Bh3 44.Kc4 Bf1+
45.Kd5 Kd7 46.Be3 Ne7+ 47.Kc5 Be2 48.f4 Bd3 49.fxe5 fxe5 50.Bc4 Bxc4 51.Kxc4 Kc6
52.Bg5 Nc8 53.Bf6 Nb6+ 54.Kb4 Nd7 55.Be7 Kb7 56.Kc4 Kc6 57.a5 Nb8 58.Bb4 Nd7
59.Bc3 Kd6 60.Bb4+  1/2-1/2

[Event "TCh-FIN 2006-7"]
[Site "Tampere FIN"]
[Date "2006.10.21"]
[Round "3"]
[White "Kanep,M"]
[Black "Veingold,A"]
[Result "1/2-1/2"]
[WhiteElo "2510"]
[BlackElo "2443"]

1.d4 Nf6 2.c4 e6 3.g3 d5 4.Nf3 Be7 5.Bg2 O-O 6.O-O dxc4 7.Ne5 Nc6 8.Nxc6 bxc6
9.Nc3 Rb8 10.Na4 Nd5 11.Qc2 Ba6 12.Rd1 Bb5 13.Bd2 Nb4 14.Bxb4 Bxb4 15.Nc3 Bxc3
16.Qxc3 Qd6 17.e4 Rb6 18.Rd2 Rfb8 19.Re1 h6 20.d5 cxd5 21.exd5 exd5 22.Bxd5 Qf6
23.Qxf6 Rxf6 24.Re7 c6 25.Be4 a6 26.f3 g6 27.g4 Kf8 28.Rc7 Ke8 29.Kf2 Rd8
30.Ke3 Rfd6 31.Rxd6 Rxd6 32.Bc2 c3 33.bxc3 Bc4 34.a4 Kd8 35.Ra7 Rd7 36.Ra8+ Ke7
37.Rh8 c5 38.Rxh6 Rb7 39.Bd3 Rb3 40.Kd2 Bxd3 41.Kxd3 Ra3 42.Rh8  1/2-1/2

[Event "14th Chigorin Mem"]
[Site "St-Petersburg RUS"]
[Date "2006.10.24"]
[Round "2"]
[White "Yevseev,D"]
[Black "Brendel,O"]
[Result "1-0"]
[WhiteElo "2534"]
[BlackElo "2375"]

1.d4 d5 2.Nf3 Nf6 3.c4 e6 4.g3 Be7 5.Bg2 O-O 6.O-O Nbd7 7.Qc2 Ne4 8.Nfd2 f5
9.b3 c6 10.Bb2 Qe8 11.Nxe4 fxe4 12.f3 exf3 13.Bxf3 dxc4 14.Nd2 cxb3 15.Qxb3 Nb6
16.Ne4 Kh8 17.Ba3 Bxa3 18.Qxa3 Nc4 19.Qc5 Ne3 20.Bh5  1-0